Statistiques concernant Quiz Les Rois de France.

Cliquez ici pour prendre le quiz!

Statistiques générales

  • Ce quiz a été pris 2 246 fois
    (1 751 depuis la dernière actualisation)
  • Le résultat moyen est 8 sur 11

Statistiques - réponses

CaractéristiquesRois% Correct
A eu le plus long règne de l'histoire de France (72 ans)Louis XIV
98%
A été décapité en 1793Louis XVI
96%
Est le premier roi de FranceClovis Ier
91%
Est celui qui avait le plus d'écart de génération avec son prédécesseurLouis XV
85%
Est le plus célèbre des rois assassinésHenri IV
83%
A fait construire le château de ChambordFrançois Ier
81%
Est le seul roi à avoir été canoniséLouis IX
74%
A fondé la dynastie ayant régné le plus longtempsHugues Ier
67%
Est mort lors d'un tournoiHenri II
61%
Est le dernier roi de FranceCharles X
60%
A eu le plus court règne de l'histoire de France (5 jours)Jean Ier
43%

Distribution des résultats

Percentile par nombre de réponses

% des personnes avec chaque résultat

Votre développement - résultats

Vous n’avez pas pris ce quiz depuis la dernière actualisation